| 000 | 00574nam a22001577a 4500 | ||
|---|---|---|---|
| 010 | _a1718CH-EN | ||
| 020 |
_a9788190960663 _c450.00 |
||
| 037 |
_aDPL _bKids Knowledge Bank |
||
| 082 | _aS | ||
| 245 | _aBugs can make us sick! / | ||
| 260 |
_aDelhi _bKids Knowledge _c2017 |
||
| 270 |
_a7/20, 60 Feet Road, Yudhishtra Gali, _bDelhi _e110032 |
||
| 300 |
_a56p. _c25cm(Hb) |
||
| 942 |
_2ddc _cCH _mBUG _hS |
||
| 999 |
_c141650 _d141650 |
||